00305nam a2200145Ia 45000030006000000080041000060400015000471000029000622450016000912500006001072600009001133000006001225460014001280050017001420STCL150530s9999 xx 000 0 und d aSTCLcSTCL aKrishnan Ezhuthachan, E. aThankamudra a1 c1949 a0 aMalayalam20220125171649.0